000 00704nam a2200193Ii 4500
003 JO-AjNU
008 230605s9999||||xx |||||||||||||| ||und||
040 _aJO-AjNU
_bara
_erda
_cJO-AjNU
041 _aara
050 1 4 _aQC311.N34
100 3 _aعبداللطيف ، المساعد فياض,
_eauthor
_917966
245 0 0 _aالنظرية المركبه للغازات والميكانيك الاحصائي
264 3 1 _aالعراق:وزارة التعليم العالي ، 1900
300 _a214ص
336 _atext
_btxt
_2rdacontent
337 _aunmediated
_bn
_2rdamedia
338 _avolume
_bnc
_2rdacarrier
650 4 _aديناميكا الغازات -ميكانيكا الغازات
_917967
999 _aA5658
_c9226
_d9226